|
|
|
|
| LEADER |
00000nam0a2200000 4500 |
| 001 |
193673 |
| 005 |
20231101224515.0 |
| 010 |
|
|
|a 9785939728331
|
| 035 |
|
|
|a (RuTPU)RU\TPU\book\211220
|
| 090 |
|
|
|a 193673
|
| 100 |
|
|
|a 20110325d2010 k y0rusy50 ca
|
| 101 |
1 |
|
|a rus
|c eng
|
| 102 |
|
|
|a RU
|
| 105 |
|
|
|a y z 001zy
|
| 200 |
1 |
|
|a Гиперболические дифференциальные уравнения в частных производных
|e пер. с англ.
|f П. Д. Лакс
|
| 210 |
|
|
|a Москва
|c Регулярная и хаотическая динамика
|d 2010
|a Ижевск
|c Изд-во Ижевского института компьютерных исследований
|
| 215 |
|
|
|a 296 с.
|
| 320 |
|
|
|a Библиогр. в конце разд.
|
| 330 |
|
|
|a Питер Лаке является одним из очень немногих ныне живущих «универсальных» математиков. Вклад Лакса в развитие науки неоценим — он является основателем новых направлений как в теоретических, так и в прикладных областях. Эта монография посвящена различным аспектам теории гиперболических уравнений и систем. Она может считаться учебником, введением в эту область. Однако это знание «из первых рук»: основу книги составляют принадлежащие автору результаты, ставшие в наше время классическими. Но в то же время приводятся совсем новые результаты, являющиеся продолжением этих классических исследований. Книга, несомненно, будет интересна и полезна как студентам и аспирантам, так и специалистам в областях уравнений в частных производных и математической физики.
|
| 606 |
1 |
|
|a Дифференциальные уравнения, гипербольческие
|2 stltpush
|3 (RuTPU)RU\TPU\subj\9705
|9 36886
|
| 610 |
1 |
|
|a уравнения гиперболического типа
|
| 610 |
1 |
|
|a псевдодифференциальные операторы
|
| 610 |
1 |
|
|a энергетические неравенства
|
| 610 |
1 |
|
|a решения
|
| 610 |
1 |
|
|a волны
|
| 610 |
1 |
|
|a лучи
|
| 610 |
1 |
|
|a конечно-разностные аппроксимации
|
| 610 |
1 |
|
|a рассеяние
|
| 610 |
1 |
|
|a законы сохранения
|
| 675 |
|
|
|a 517.956.3
|v 3
|
| 700 |
|
1 |
|a Лакс
|b П. Д.
|g Питер Дэвид
|
| 801 |
|
1 |
|a RU
|b 63413507
|c 20110325
|
| 801 |
|
2 |
|a RU
|b 63413507
|c 20120321
|g RCR
|
| 942 |
|
|
|c BK
|